|
|
|
|
| LEADER |
00000nam0a2200000 4500 |
| 001 |
121590 |
| 005 |
20250225063228.0 |
| 035 |
|
|
|a (RuTPU)RU\TPU\book\131677
|
| 090 |
|
|
|a 121590
|
| 100 |
|
|
|a 20070917d1969 k y0rusy50 ca
|
| 101 |
0 |
|
|a rus
|
| 102 |
|
|
|a RU
|
| 105 |
|
|
|a y dm 000zy
|
| 200 |
1 |
|
|a Исследование процесса термобрикетирования торфа. 346-химическая технология топлива и газа
|e Автореферат диссертации на соискание ученой степени кандидата технических наук
|f С. Г. Маслов
|g Томский государственный университет ; науч. рук. С. И. Смольянинов
|
| 210 |
|
|
|a Томск
|c Изд-во ТГУ
|d 1969
|
| 215 |
|
|
|a 29 с.
|
| 610 |
1 |
|
|a торф
|
| 610 |
1 |
|
|a термобрикетирование
|
| 610 |
1 |
|
|a исследование
|
| 610 |
1 |
|
|a авторефераты диссертаций
|
| 675 |
|
|
|a 662.8
|v 3
|
| 700 |
|
1 |
|a Маслов
|b С. Г.
|
| 702 |
|
1 |
|a Смольянинов
|b С. И.
|4 727
|
| 712 |
0 |
2 |
|a Томский государственный университет
|c 1917-2009
|7 ca
|8 rus
|2 stltpush
|3 (RuTPU)RU\TPU\col\397
|9 23396
|
| 801 |
|
1 |
|a RU
|b 63413507
|c 20070917
|g PSBO
|
| 801 |
|
2 |
|a RU
|b 63413507
|c 20110427
|g PSBO
|
| 942 |
|
|
|c BK
|